000 00649nam a2200253Ia 4500
008 170203s9999 xx 000 0 und d
020 _a1581850123
050 _a0 30
050 _b.En56s 1999
100 _aEngelhardt, Wolfgang.
245 _aMars:
245 _bexploring the red planet /
245 _cby Wolfgang Engelhardt.
260 _aNuremberg, Germany :
260 _bTessloff Pub.
260 _c1999
300 _a64 pages :
300 _billustrations (some color) ;
300 _c29 cm. 
440 _aStart me up!
650 _aMars (Planet) --
650 _aMars (Planet).
650 _xJuvenile literature.
999 _c305673
_d305673